[Event "Donau Open "]
[Site "Wien 10"]
[Date "1999.05.08"]
[Round "1.1"]
[White "Stanec, Nikolaus"]
[Black "Stanka, Wolfgang"]
[Result "1-0"]
[WhiteElo "2476"]
[BlackElo "2118"]
[PlyCount "125"]
[EventDate "1999.05.08"]

1. c4 Nf6 2. Nc3 e6 3. d4 d5 4. Bg5 Be7 5. e3 c6 6. Nf3 Nbd7 7. Qc2 O-O 8. Rd1
h6 9. Bh4 Re8 10. a3 a5 11. Bd3 dxc4 12. Bxc4 b5 13. Bd3 b4 14. axb4 axb4 15.
Ne2 Qb6 16. O-O Ba6 17. Bxf6 Bxd3 18. Rxd3 Bxf6 19. Ng3 Rec8 20. Ne4 Be7 21.
Ned2 c5 22. Nc4 Qb5 23. d5 exd5 24. Rxd5 Nb6 25. Nxb6 Qxb6 26. Ne5 Qe6 27. Rfd1
Ra1 28. Rxa1 Qxd5 29. Nc4 Rd8 30. h3 Bd6 31. Rc1 Bf8 32. Qe2 g6 33. Qf3 Qxf3
34. gxf3 Kg7 35. Ra1 Rd7 36. Kf1 Be7 37. Ke2 Rd5 38. f4 Rh5 39. Rh1 g5 40. f5
Rh4 41. Nd2 Kf6 42. Nf3 Rh5 43. e4 g4 44. Nh2 gxh3 45. f4 Kg7 46. Kf3 Bf6 47.
b3 Rh4 48. e5 Bxe5 49. fxe5 Rd4 50. Ke3 f6 51. Rg1+ Kf7 52. e6+ Kf8 53. Rg6 Rd1
54. Rxf6+ Ke7 55. Rf7+ Ke8 56. Ng4 Kd8 57. e7+ Ke8 58. Nf6+ Kxf7 59. e8=Q+ Kxf6
60. Qg6+ Ke7 61. Qxh6 Rb1 62. f6+ Kd8 63. Qh8+ 1-0

[Event "Donau Open "]
[Site "Wien 10"]
[Date "1999.05.08"]
[Round "1.2"]
[White "Lehner, Erich"]
[Black "Lau, Ralph"]
[Result "0-1"]
[WhiteElo "2097"]
[BlackElo "2453"]
[PlyCount "56"]
[EventDate "1999.05.08"]

1. d4 Nf6 2. Nc3 d5 3. Bg5 c5 4. e3 cxd4 5. exd4 Nc6 6. Nf3 Bg4 7. Be2 e6 8. a3
Be7 9. O-O Bxf3 10. Bxf3 Qb6 11. Ne2 Qxb2 12. Rb1 Qxa3 13. Rxb7 O-O 14. c4 Qa6
15. Rxe7 Nxe7 16. Bxf6 gxf6 17. cxd5 exd5 18. Nf4 Rad8 19. Be2 Qd6 20. g3 Kh8
21. Qd3 Rg8 22. Kh1 Ng6 23. Ng2 Qe6 24. Ra1 Rd7 25. Ra6 Qe4 26. Qd2 Qb1+ 27.
Ne1 Re7 28. Bd1 Qb5 0-1

[Event "Donau Open "]
[Site "Wien 10"]
[Date "1999.05.08"]
[Round "1.3"]
[White "Balinov, Ilia"]
[Black "Wais, Michael"]
[Result "1-0"]
[WhiteElo "2434"]
[BlackElo "2084"]
[PlyCount "67"]
[EventDate "1999.05.08"]

1. e4 b6 2. d4 e6 3. Nf3 Bb7 4. Bd3 g6 5. Bg5 Be7 6. Bf4 d6 7. c4 Bf6 8. Nc3 g5
9. Be3 g4 10. Nd2 Nc6 11. Nb3 Qd7 12. Qxg4 O-O-O 13. f4 Nb4 14. Bb1 h5 15. Qe2
d5 16. cxd5 exd5 17. e5 Re8 18. a3 Ba6 19. Qd2 Nc6 20. Bd3 Bc4 21. Bxc4 dxc4
22. Nc1 Nh6 23. N1e2 Nf5 24. Bf2 Bd8 25. O-O-O Na5 26. Kb1 Rhg8 27. g3 b5 28.
d5 Rg6 29. Nd4 Nxd4 30. Qxd4 Ra6 31. Qc5 Qf5+ 32. Ka2 Qc2 33. Qxb5 Rb6 34. Bxb6
1-0

[Event "Donau Open "]
[Site "Wien 10"]
[Date "1999.05.08"]
[Round "1.5"]
[White "Tibensky, Robert"]
[Black "Hirsch, Adolf Jun"]
[Result "1-0"]
[WhiteElo "2427"]
[BlackElo "2061"]
[PlyCount "41"]
[EventDate "1999.05.08"]

1. d4 Nf6 2. Nf3 g6 3. c4 Bg7 4. g3 O-O 5. Bg2 c6 6. O-O d5 7. b3 Ne4 8. Bb2 f5
9. Nc3 Nd7 10. e3 Ndf6 11. Ne2 Be6 12. Rc1 Qa5 13. a3 Rfc8 14. Ne5 Kh8 15. f3
Qd2 16. fxe4 Qxb2 17. Nd3 Qxa3 18. Ra1 Qd6 19. e5 Qc7 20. exf6 Bxf6 21. Ndf4
1-0

[Event "Donau Open "]
[Site "Wien 10"]
[Date "1999.05.08"]
[Round "1.6"]
[White "Jenal, Ralf"]
[Black "Weinzettl, Ernst"]
[Result "0-1"]
[WhiteElo "2058"]
[BlackElo "2420"]
[PlyCount "54"]
[EventDate "1999.05.08"]

1. d4 Nf6 2. Nf3 g6 3. g3 Bg7 4. Bg2 O-O 5. O-O d6 6. c4 Nc6 7. d5 Na5 8. Nfd2
c5 9. a3 Nd7 10. Ra2 Ne5 11. Qc2 Bd7 12. h3 b5 13. cxb5 Bxb5 14. Nc3 Qb6 15. b4
cxb4 16. axb4 Nac4 17. Nxb5 Qxb5 18. Nxc4 Nxc4 19. Bf4 Rfc8 20. Qe4 Ne5 21. Rc1
Rxc1+ 22. Bxc1 f5 23. Qh4 Rc8 24. Bf4 Bf6 25. Bg5 Rc4 26. f4 Qb6+ 27. Kh2 Rc1
0-1

[Event "Donau Open "]
[Site "Wien 10"]
[Date "1999.05.08"]
[Round "1.7"]
[White "Alvir, Aco"]
[Black "Somasundram, Jayakumar"]
[Result "1-0"]
[WhiteElo "2408"]
[BlackElo "2057"]
[PlyCount "55"]
[EventDate "1999.05.08"]

1. e4 c5 2. Nf3 Nc6 3. Bb5 g6 4. O-O Bg7 5. Re1 e6 6. c3 Nge7 7. d4 Qb6 8. Na3
cxd4 9. cxd4 O-O 10. d5 Nd4 11. Be3 e5 12. Nxd4 exd4 13. Bg5 f6 14. Bd2 d6 15.
Bd3 f5 16. Bg5 Rf7 17. Nc4 Qd8 18. e5 h6 19. Bd2 dxe5 20. Nxe5 Rf6 21. Qb3 Kh7
22. d6 Nc6 23. Nxc6 bxc6 24. Bf4 Bd7 25. Re7 c5 26. Rae1 Bc6 27. Rxg7+ Kxg7 28.
Re7+ 1-0

[Event "Donau Open "]
[Site "Wien 10"]
[Date "1999.05.08"]
[Round "1.8"]
[White "Angerer, Michael"]
[Black "Schroll, Gerhard"]
[Result "0-1"]
[WhiteElo "2054"]
[BlackElo "2371"]
[PlyCount "42"]
[EventDate "1999.05.08"]

1. e4 Nf6 2. d3 d5 3. Nd2 e5 4. Ngf3 Nc6 5. g3 Bc5 6. Bg2 dxe4 7. dxe4 a5 8. h3
b6 9. O-O Ba6 10. c4 O-O 11. Nh4 Qd3 12. Kh2 Rad8 13. f4 Bxc4 14. fxe5 Nxe5 15.
Rxf6 gxf6 16. Qh5 Qd4 17. Ndf3 Be2 18. Bh6 Rfe8 19. Qf5 Nxf3+ 20. Bxf3 Bxf3 21.
Nxf3 Qxb2+ 0-1

[Event "Donau Open "]
[Site "Wien 10"]
[Date "1999.05.08"]
[Round "1.11"]
[White "Dueckstein, Andreas"]
[Black "Benesch, Heribert"]
[Result "1-0"]
[WhiteElo "2336"]
[BlackElo "2020"]
[PlyCount "81"]
[EventDate "1999.05.08"]

1. e4 c6 2. d4 d5 3. Nc3 dxe4 4. Nxe4 Bf5 5. Ng3 Bg6 6. Nf3 Nd7 7. Bd3 e6 8.
O-O Ngf6 9. c4 Be7 10. Re1 O-O 11. Bf4 Re8 12. Bxg6 hxg6 13. Qe2 c5 14. dxc5
Bxc5 15. a3 a5 16. Ne5 Nxe5 17. Bxe5 Qb6 18. Rad1 Red8 19. h3 Qc6 20. Rd3 Rxd3
21. Qxd3 Be7 22. Nf1 Rd8 23. Qc2 Rc8 24. Ne3 Nd7 25. Bc3 a4 26. Bb4 Bg5 27. Ng4
Qxc4 28. Qxa4 Nc5 29. Qa5 Nd3 30. Qxg5 Nxe1 31. Bxe1 Qe2 32. Bc3 Rxc3 33. bxc3
f5 34. Ne3 Qe1+ 35. Nf1 Qxc3 36. Qxg6 Qc6 37. Ng3 Qd7 38. Nh5 Qe7 39. Nf4 e5
40. Ne6 Qf7 41. Qxf7+ 1-0

[Event "Donau Open "]
[Site "Wien 10"]
[Date "1999.05.09"]
[Round "2.2"]
[White "Lau, Ralph"]
[Black "Posch, Werner"]
[Result "1-0"]
[WhiteElo "2453"]
[BlackElo "2292"]
[PlyCount "57"]
[EventDate "1999.05.09"]

1. d4 d5 2. Nf3 Bf5 3. c4 e6 4. Nc3 c6 5. Qb3 Qb6 6. c5 Qc7 7. Bf4 Qc8 8. e3 h6
9. h3 Nd7 10. Be2 Ngf6 11. O-O Be7 12. Rfc1 O-O 13. Qd1 Ne4 14. b4 Bf6 15. b5
Ndxc5 16. Nxe4 Nxe4 17. bxc6 bxc6 18. Ne5 Bxe5 19. Bxe5 Qd7 20. Qa4 Qe7 21. f3
Nf6 22. Rxc6 Ne8 23. Qa5 Qg5 24. Kf2 Qg6 25. Qc3 h5 26. g4 hxg4 27. hxg4 Bb1
28. Qb3 f6 29. Bg3 1-0

[Event "Donau Open "]
[Site "Wien 10"]
[Date "1999.05.09"]
[Round "2.3"]
[White "Steiner, Bruno"]
[Black "Balinov, Ilia"]
[Result "1-0"]
[WhiteElo "2175"]
[BlackElo "2434"]
[PlyCount "115"]
[EventDate "1999.05.09"]

1. e4 c5 2. Nf3 Nc6 3. d4 cxd4 4. Nxd4 Nf6 5. Nc3 e5 6. Ndb5 d6 7. Bg5 a6 8.
Na3 b5 9. Nd5 Be7 10. Bxf6 Bxf6 11. g3 g6 12. Bg2 O-O 13. O-O Bg7 14. c3 Rb8
15. Nc2 a5 16. b4 Bd7 17. Qd3 f5 18. a4 axb4 19. axb5 Na5 20. c4 b3 21. Ncb4
Kh8 22. Na6 Rb7 23. b6 Nc6 24. Nac7 Rxb6 25. Nxb6 Qxc7 26. Nxd7 Qxd7 27. Qxb3
Nd4 28. Qb6 f4 29. Ra7 Qe6 30. Qc7 Qf6 31. Ra6 f3 32. Bh3 Ne6 33. Qxd6 Ng5 34.
Bg4 Qxd6 35. Rxd6 Nxe4 36. Rd3 Ng5 37. h4 e4 38. Re3 Nf7 39. Rxe4 Nd6 40. Rf4
Rxf4 41. gxf4 Nxc4 42. Rd1 Bf8 43. Rd7 Nb6 44. Rf7 Bc5 45. Bxf3 Nc4 46. Rc7 Nd2
47. Bd5 Bd6 48. Rf7 Nb1 49. f5 gxf5 50. Rxf5 Nc3 51. Bf3 Kg7 52. h5 h6 53. Kg2
Be7 54. Re5 Bg5 55. Re6 Nb5 56. Kg3 Nd4 57. Rg6+ Kh7 58. Kg4 1-0

[Event "Donau Open "]
[Site "Wien 10"]
[Date "1999.05.09"]
[Round "2.4"]
[White "Petran, Peter"]
[Black "Krpelan, Wolfgang"]
[Result "1-0"]
[WhiteElo "2433"]
[BlackElo "2190"]
[PlyCount "125"]
[EventDate "1999.05.09"]

1. g3 e5 2. Bg2 Nf6 3. d3 Be7 4. Nf3 Nc6 5. c4 d5 6. cxd5 Nxd5 7. O-O O-O 8.
Nc3 Nxc3 9. bxc3 Bf5 10. d4 exd4 11. Nxd4 Nxd4 12. cxd4 Bf6 13. e3 Re8 14. Ba3
Be4 15. Bxe4 Rxe4 16. Qb3 Rb8 17. Rfc1 Re6 18. Rc5 Be7 19. Rd5 Qe8 20. Rc1 c6
21. Ra5 Bxa3 22. Rxa3 a6 23. Rb1 Qc8 24. Rxa6 b5 25. Ra7 c5 26. dxc5 Qxc5 27.
Qxb5 Rxb5 28. Ra8+ Qf8 29. Rxf8+ Kxf8 30. Rxb5 Ra6 31. Rb2 f5 32. Kf1 Kf7 33.
Ke2 Ra3 34. Kf3 Kf6 35. g4 g6 36. h4 Ra4 37. g5+ Ke5 38. Kg3 Ra7 39. f3 Kd5 40.
Rd2+ Ke5 41. Kf2 f4 42. exf4+ Kxf4 43. Rd4+ Kf5 44. a4 Rc7 45. Kg3 Ra7 46. Rb4
Ke6 47. Kg4 Kd5 48. Re4 Kd6 49. h5 Kd7 50. hxg6 hxg6 51. Rf4 Ke7 52. Rf6 Rxa4+
53. f4 Rb4 54. Rxg6 Kf7 55. Ra6 Rc4 56. g6+ Kg7 57. Kg5 Rc5+ 58. f5 Rb5 59.
Ra7+ Kg8 60. Re7 Kf8 61. Kf6 Rxf5+ 62. Kxf5 Kxe7 63. Kg5 1-0

[Event "Donau Open "]
[Site "Wien 10"]
[Date "1999.05.09"]
[Round "2.5"]
[White "Groetz, Harald"]
[Black "Tibensky, Robert"]
[Result "0-1"]
[WhiteElo "2161"]
[BlackElo "2427"]
[PlyCount "110"]
[EventDate "1999.05.09"]

1. e4 e6 2. d4 d5 3. Nd2 a6 4. Ngf3 c5 5. exd5 exd5 6. Bd3 c4 7. Be2 Nc6 8. O-O
Bd6 9. Re1 Nge7 10. b3 cxb3 11. axb3 O-O 12. Ba3 Bxa3 13. Rxa3 Bf5 14. Nf1 Rc8
15. Ng3 Bg6 16. c3 Rc7 17. Ra2 Qd6 18. Nh4 Qf6 19. Nxg6 hxg6 20. Bf3 Na7 21.
Qd2 Nb5 22. Ne2 Rd8 23. Rc2 g5 24. Nc1 Qf4 25. Re3 g4 26. Be2 Nd6 27. Nd3 Qg5
28. f4 gxf3 29. Bxf3 Ndf5 30. Re2 Qxd2 31. Rexd2 b6 32. Nf4 g5 33. Nd3 Rdc8 34.
Nb4 a5 35. Na2 Nd6 36. Rd3 f5 37. Re3 Ne4 38. Bxe4 dxe4 39. c4 a4 40. bxa4 Rxc4
41. Rec3 Rxc3 42. Rxc3 Ra8 43. Rc7 Nd5 44. Rd7 Nf6 45. Rd6 Kf7 46. Nc3 Rc8 47.
Nd5 Ng4 48. g3 Rc1+ 49. Kg2 Rc2+ 50. Kg1 e3 51. Nxe3 Nxe3 52. Rxb6 f4 53. gxf4
gxf4 54. Rb3 Rg2+ 55. Kh1 Re2 0-1

[Event "Donau Open "]
[Site "Wien 10"]
[Date "1999.05.09"]
[Round "2.6"]
[White "Weinzettl, Ernst"]
[Black "Krasser, Margit"]
[Result "1-0"]
[WhiteElo "2420"]
[BlackElo "2180"]
[PlyCount "55"]
[EventDate "1999.05.09"]

1. e4 d5 2. exd5 Nf6 3. c4 e6 4. Qa4+ Bd7 5. Qb3 exd5 6. cxd5 Qe7+ 7. Be2 Qb4
8. Nc3 Qxb3 9. axb3 Bc5 10. Nf3 O-O 11. d4 Bb4 12. O-O Bxc3 13. bxc3 Nxd5 14.
Bd2 Re8 15. Bc4 Nb6 16. Bd3 Nc6 17. Ng5 f5 18. f4 h6 19. Nf3 Rad8 20. Ne5 Nxe5
21. fxe5 a6 22. c4 Bc8 23. Bc3 g6 24. Rad1 Kh7 25. d5 Nd7 26. e6 Nc5 27. Bc2 c6
28. g4 1-0

[Event "Donau Open "]
[Site "Wien 10"]
[Date "1999.05.09"]
[Round "2.7"]
[White "Kleiser, Gregor"]
[Black "Alvir, Aco"]
[Result "0-1"]
[WhiteElo "2157"]
[BlackElo "2408"]
[PlyCount "92"]
[EventDate "1999.05.09"]

1. e4 c5 2. Nf3 d6 3. d4 cxd4 4. Nxd4 Nf6 5. Nc3 a6 6. Bg5 e6 7. f4 Be7 8. Qf3
Qc7 9. O-O-O Nbd7 10. g4 b5 11. Bxf6 Nxf6 12. g5 Nd7 13. f5 Bxg5+ 14. Kb1 Ne5
15. Qh5 Qd8 16. Rg1 h6 17. Nxe6 g6 18. Qxg5 Qxg5 19. Nxg5 hxg5 20. fxg6 fxg6
21. Rxg5 Bg4 22. Rxd6 Nf7 23. Rxa6 (23. Rxg4 Nxd6 24. Rxg6 $16) 23... Rxa6 24.
Rxg4 Rxh2 25. Bxb5+ Kd8 26. a4 Rf6 27. Nd5 Re6 28. Rf4 Rh7 29. a5 g5 30. a6 $1
(30. Rf1 $16) 30... Rh1+ 31. Rf1 $18 31... Rxf1+ 32. Bxf1 Rxe4 33. Nb6 $2 (33.
a7 Ra4 34. Nb4 Kc7 35. Na6+ Kb7 36. Nc5+ $18) 33... Re7 34. b4 Nd6 35. c4 (35.
b5 g4 36. Nd5 Re1+ 37. Kb2 Kc8 38. Bd3 g3 39. a7 Kb7 40. b6 Re8 41. Nc7 Kxb6
42. Nxe8 Kxa7 43. Bf1 43... Nxe8 $11) 35... Nc8 36. Nxc8 Kxc8 37. Kb2 g4 38. b5
(38. Kc3 Re1 39. Bg2 Kb8 40. b5 Rg1 41. Bc6 Ka7 42. c5 Rc1+ 43. Kb4 g3 44. Bb7
Rb1+ 45. Kc4 Rc1+ 46. Kd4 Rd1+ 47. Ke5 Rc1 48. b6+ Kb8 49. c6 $18) 38... Re1
$19 39. Bd3 g3 40. b6 g2 41. Bf5+ Kb8 42. a7+ Kb7 43. Bc8+ Ka8 44. Bg4 Rf1 45.
Be6 Rd1 46. Bf5 Rd4 0-1

[Event "Donau Open "]
[Site "Wien 10"]
[Date "1999.05.09"]
[Round "2.8"]
[White "Schroll, Gerhard"]
[Black "Havlicek, Josef"]
[Result "1-0"]
[WhiteElo "2371"]
[BlackElo "2165"]
[PlyCount "85"]
[EventDate "1999.05.09"]

1. d4 d5 2. c4 c6 3. Nf3 Nf6 4. Nc3 e6 5. e3 Nbd7 6. Qc2 Bd6 7. b3 O-O 8. Be2
e5 9. cxd5 cxd5 10. dxe5 Nxe5 11. Bb2 Bg4 12. Nxe5 Bxe5 13. Bxg4 Nxg4 14. h3
Qh4 15. O-O Rac8 16. Qf5 h5 17. Nd1 g6 18. Qd3 Rfd8 19. Bd4 Bh2+ 20. Kh1 Bb8
21. f4 Rc6 22. Kg1 Nh6 23. Nc3 Nf5 24. Ne2 Rdc8 25. Bb2 Rc2 26. Rac1 Rxc1 27.
Bxc1 Ng3 28. Nxg3 Qxg3 29. Bd2 Qh4 30. Bc3 Qe7 31. Qd4 f6 32. Qxd5+ Kh7 33. Qd3
Bd6 34. Bd4 b6 35. Rd1 Rd8 36. Rd2 h4 37. Rc2 Bxf4 38. exf4 Qe1+ 39. Kh2 Kh6
40. Qc3 Qe4 41. Rd2 Qxf4+ 42. Kg1 Re8 43. Rf2 1-0

[Event "Donau Open "]
[Site "Wien 10"]
[Date "1999.05.09"]
[Round "2.9"]
[White "Steinert, Martin"]
[Black "Gross, Georg"]
[Result "0-1"]
[WhiteElo "2142"]
[BlackElo "2360"]
[PlyCount "52"]
[EventDate "1999.05.09"]

1. d4 Nc6 2. Nf3 d5 3. c4 Bg4 4. cxd5 Bxf3 5. gxf3 Qxd5 6. e3 e5 7. Bg2 exd4 8.
O-O Qh5 9. exd4 O-O-O 10. Be3 Bc5 11. Nd2 Bxd4 12. Bxd4 Rxd4 13. Qc2 Nge7 14.
Ne4 Nd5 15. Ng3 Qg6 16. Bh3+ Kb8 17. Bf5 Qg5 18. Be4 h5 19. Kh1 g6 20. Rad1 Rd8
21. Rxd4 Nxd4 22. Qc4 Nf4 23. Rg1 h4 24. Ne2 Ndxe2 25. Qxe2 Nxe2 26. Rxg5 Rd1+
0-1

[Event "Donau Open "]
[Site "Wien 10"]
[Date "1999.05.09"]
[Round "2.10"]
[White "Kujovic, Michal"]
[Black "Gruber, Reinhold"]
[Result "1/2-1/2"]
[WhiteElo "2346"]
[BlackElo "2158"]
[PlyCount "42"]
[EventDate "1999.05.09"]

1. e4 c5 2. Nf3 Nc6 3. d4 cxd4 4. Nxd4 Nf6 5. Nc3 e5 6. Ndb5 d6 7. Bg5 a6 8.
Na3 b5 9. Nd5 Be7 10. Bxf6 Bxf6 11. c3 Bb7 12. Nc2 Nb8 13. a4 bxa4 14. Nce3 Nd7
15. Nc4 O-O 16. Nxd6 Bxd5 17. Qxd5 Nb6 18. Qc6 Qb8 19. Be2 Ra7 20. Nc4 Nxc4 21.
Qxc4 Rc8 1/2-1/2

[Event "Donau Open "]
[Site "Wien 10"]
[Date "1999.05.09"]
[Round "2.13"]
[White "Kummer, Helmut"]
[Black "Kuciel, Wladyslaw"]
[Result "0-1"]
[WhiteElo "2321"]
[BlackElo "2154"]
[PlyCount "90"]
[EventDate "1999.05.09"]

1. d4 d5 2. c4 c6 3. Nf3 Nf6 4. Nc3 e6 5. e3 Nbd7 6. Bd3 Bd6 7. O-O dxc4 8.
Bxc4 b5 9. Bd3 Bb7 10. e4 e5 11. Kh1 Ng4 12. Bg5 Be7 13. Bxe7 Qxe7 14. h3 h5
15. Qe2 Rd8 16. Rad1 g6 17. Nxe5 Ndxe5 18. dxe5 Nxe5 19. Bc2 O-O 20. f4 Nc4 21.
e5 Qc5 22. Bb3 Ne3 23. Ne4 Nxf1 24. Rxf1 Qe7 25. f5 Qxe5 26. fxg6 Kg7 27. gxf7
c5 28. Bc2 Rd4 29. Re1 Rxf7 30. Nc3 Qg3 31. Nxb5 Bxg2+ 32. Qxg2 Qxg2+ 33. Kxg2
Rd2+ 34. Kg3 Rxc2 35. Re5 Kg6 36. Nc3 Rxb2 37. Rxc5 Rbf2 38. Rc6+ R7f6 39.
Rxf6+ Rxf6 40. h4 Re6 41. a4 Kf5 42. Kf3 Rb6 43. Nb5 a6 44. Nc7 Rb3+ 45. Kf2 a5
0-1

[Event "Donau Open "]
[Site "Wien 10"]
[Date "1999.05.09"]
[Round "2.15"]
[White "Novak, Ivan"]
[Black "Petroczi, Thomas"]
[Result "1-0"]
[WhiteElo "2296"]
[BlackElo "2140"]
[PlyCount "51"]
[EventDate "1999.05.09"]

1. e4 c6 2. d4 d5 3. exd5 cxd5 4. c4 Nf6 5. Nc3 e6 6. Nf3 Be7 7. cxd5 Nxd5 8.
Bc4 O-O 9. O-O Nc6 10. Re1 Bf6 11. Bb3 Nde7 12. Re4 b6 13. Be3 Bb7 14. Rf4 Ng6
15. Rg4 Qd7 16. h3 h5 17. Rg3 Nce7 18. Ng5 h4 19. Qh5 Rfd8 20. Rg4 Nf5 21. Nxe6
Nxe3 22. fxe3 fxe6 23. Qxg6 Qf7 24. Qd3 Rac8 25. Rf1 Kf8 26. Rxh4 1-0

[Event "Donau Open "]
[Site "Wien 10"]
[Date "1999.05.10"]
[Round "3.1"]
[White "Gross, Georg"]
[Black "Lau, Ralph"]
[Result "0-1"]
[WhiteElo "2360"]
[BlackElo "2453"]
[PlyCount "56"]
[EventDate "1999.05.10"]

1. d4 Nf6 2. Nf3 g6 3. g3 Bg7 4. Bg2 O-O 5. O-O d5 6. Bf4 c6 7. c3 Nbd7 8. Qb3
Re8 9. Nbd2 Nh5 10. Bg5 h6 11. Be3 e6 12. g4 Nhf6 13. h3 e5 14. dxe5 Nxe5 15.
Nxe5 Rxe5 16. Rfe1 Qe7 17. c4 dxc4 18. Nxc4 Be6 19. Bd4 Rb5 20. Qc2 h5 21. Na3
Ra5 22. Nc4 Ra6 23. gxh5 Nxh5 24. Bxg7 Nxg7 25. Qe4 Nf5 26. a4 Rd8 27. e3 Nh4
28. Ne5 Bd5 0-1

[Event "Donau Open "]
[Site "Wien 10"]
[Date "1999.05.10"]
[Round "3.2"]
[White "Kantorik, Marian"]
[Black "Petran, Peter"]
[Result "1/2-1/2"]
[WhiteElo "2327"]
[BlackElo "2433"]
[PlyCount "130"]
[EventDate "1999.05.10"]

1. b3 e5 2. Bb2 Nc6 3. g3 g6 4. Bg2 Bg7 5. e3 d5 6. Ne2 Nf6 7. O-O Be6 8. f4 e4
9. Na3 O-O 10. h3 h5 11. Rb1 Qd7 12. Kh2 a6 13. c3 Ne7 14. Nd4 Bf5 15. c4 c5
16. Nxf5 Nxf5 17. cxd5 Qxd5 18. Qc2 Rad8 19. Rf2 Rfe8 20. Rc1 Nd7 21. Bxg7 Nxg7
22. Nb1 f5 23. Bf1 Kh7 24. a4 Rc8 25. Nc3 Qd6 26. Be2 Nf6 27. Rg1 Red8 28. Bd1
Ne6 29. g4 hxg4 30. hxg4 Kg7 31. Kg2 Kf7 32. Kf1 Nd4 33. exd4 cxd4 34. gxf5
gxf5 35. Be2 d3 36. Qd1 dxe2+ 37. Qxe2 Qd3 38. Rg5 Ke6 39. Qxd3 Rxd3 40. Ke2
Rcd8 41. Ke1 e3 42. Re2 Ng4 43. Nd1 Rxb3 44. dxe3 Nf6 45. Rgg2 Rb1 46. Rd2 Rxd2
47. Kxd2 Rb4 48. Rg7 Ne4+ 49. Kc2 b6 50. Nb2 Nc5 51. Rc7 Kd5 52. Rf7 Ke4 53.
Re7+ Kf3 54. a5 bxa5 55. Re5 Rb5 56. Rxf5 Kxe3 57. Rf6 Kd4 58. f5 Rb8 59. Rd6+
Ke4 60. f6 Rc8 61. Kb1 a4 62. Ka2 Rb8 63. f7 Rf8 64. Rc6 Kd5 65. Rc7 Kd6
1/2-1/2

[Event "Donau Open "]
[Site "Wien 10"]
[Date "1999.05.10"]
[Round "3.3"]
[White "Tibensky, Robert"]
[Black "Novak, Ivan"]
[Result "1-0"]
[WhiteElo "2427"]
[BlackElo "2296"]
[PlyCount "61"]
[EventDate "1999.05.10"]

1. d4 d5 2. Nf3 Nf6 3. e3 c5 4. Be2 Nc6 5. O-O e6 6. b3 Be7 7. Bb2 O-O 8. c4 a6
9. Nc3 cxd4 10. exd4 b6 11. Bd3 Bb7 12. Qe2 Nb4 13. Bb1 Rc8 14. Rd1 Rc7 15. Ne5
Qc8 16. a3 Nc6 17. cxd5 exd5 18. Qd3 g6 19. b4 Nb8 20. Ba2 Nbd7 21. Re1 Qd8 22.
Rad1 b5 23. Bc1 Nb6 24. Bf4 Ne4 25. Nxe4 dxe4 26. Rxe4 Bxe4 27. Qxe4 Bd6 28.
Nxg6 Bxf4 29. Nxf8 Nd5 30. Bxd5 Qh4 31. g3 1-0

[Event "Donau Open "]
[Site "Wien 10"]
[Date "1999.05.10"]
[Round "3.4"]
[White "Forthoffer, Patrik"]
[Black "Weinzettl, Ernst"]
[Result "1/2-1/2"]
[WhiteElo "2300"]
[BlackElo "2420"]
[PlyCount "103"]
[EventDate "1999.05.10"]

1. d4 Nf6 2. Nf3 e6 3. g3 c5 4. Bg2 Qa5+ 5. Nbd2 cxd4 6. O-O Nc6 7. Nb3 Qb6 8.
Nfxd4 d5 9. c4 Nxd4 10. Qxd4 Qxd4 11. Nxd4 Bc5 12. Nb5 O-O 13. Nc7 Rb8 14. cxd5
Bd7 15. Bf4 exd5 16. Nxd5 Rbe8 17. Nxf6+ gxf6 18. e3 Re7 19. Rac1 b6 20. Rxc5
bxc5 21. Bd6 Rfe8 22. Bxc5 Re5 23. Bxa7 Ra5 24. Bd4 Rxa2 25. Bxf6 Rc8 26. Bc3
Be6 27. h4 Bb3 28. Be4 h6 29. Kg2 Ra4 30. Bf3 f5 31. Re1 Kf7 32. e4 fxe4 33.
Bxe4 Rxe4 34. Rxe4 Bd5 35. f3 Bxe4 36. fxe4 h5 37. Kf3 Ke6 38. Kf4 Rg8 39. b4
Rc8 40. Bd4 Rf8+ 41. Kg5 Rg8+ 42. Kxh5 Rxg3 43. b5 Rb3 44. b6 Rb4 45. Bf2 Rxe4
46. Kg5 Re5+ 47. Kg4 Re4+ 48. Kf3 Kf5 49. h5 Rf4+ 50. Ke2 Rb4 51. h6 Kg6 52.
Be3 1/2-1/2

[Event "Donau Open "]
[Site "Wien 10"]
[Date "1999.05.10"]
[Round "3.5"]
[White "Alvir, Aco"]
[Black "Steiner, Bruno"]
[Result "1/2-1/2"]
[WhiteElo "2408"]
[BlackElo "2175"]
[PlyCount "136"]
[EventDate "1999.05.10"]

1. e4 e5 2. Nf3 Nc6 3. Bb5 Nf6 4. d3 d6 5. c3 Bd7 6. O-O h6 7. a4 g5 8. Na3 Bg7
9. Nc2 O-O 10. Ne3 Ne7 11. Bxd7 Qxd7 12. h4 Nh7 13. hxg5 hxg5 14. d4 Rad8 15.
dxe5 dxe5 16. Qb3 c6 17. Nc4 g4 18. Nh2 Qe6 19. Be3 Nf6 20. Bxa7 Nxe4 21. Rfe1
Nd6 22. Na5 Qxb3 23. Nxb3 f5 24. Bc5 Nd5 25. Rad1 Rf6 26. Na5 Ne4 27. Be7 Ra8
28. Bxf6 Bxf6 29. Nb3 Rxa4 30. Ra1 b5 31. Na5 Rxa1 32. Rxa1 b4 33. cxb4 Nxb4
34. Nc4 g3 35. fxg3 Nxg3 36. Nf1 Ne2+ 37. Kh2 e4 38. Ng3 Nd4 39. Rf1 Nd3 40.
Nxf5 Nxf5 41. Rxf5 e3 42. Nxe3 Bxb2 43. Nc4 Bd4 44. Kh3 Kg7 45. g4 Kg6 46. Kg3
c5 47. Kf3 Ne1+ 48. Ke4 Nc2 49. Kf4 Ne1 50. Rd5 Nd3+ 51. Kg3 Bf2+ 52. Kf3 Bd4
53. Rd8 Kg5 54. Rg8+ Kf6 55. Nd2 Kf7 56. Rc8 Ne5+ 57. Kg3 Be3 58. Ne4 c4 59.
Nd6+ Ke6 60. Nxc4 Kd7 61. Nxe3 Kxc8 62. g5 Kd7 63. Kf4 Ke6 64. Ng4 Nd3+ 65. Ke4
Nc5+ 66. Kf4 Nd3+ 67. Kg3 Kf5 68. Kh4 Kg6 1/2-1/2

[Event "Donau Open "]
[Site "Wien 10"]
[Date "1999.05.10"]
[Round "3.6"]
[White "Kuciel, Wladyslaw"]
[Black "Schroll, Gerhard"]
[Result "1/2-1/2"]
[WhiteElo "2154"]
[BlackElo "2371"]
[PlyCount "91"]
[EventDate "1999.05.10"]

1. e4 Nf6 2. Nc3 d5 3. e5 d4 4. exf6 dxc3 5. fxg7 cxd2+ 6. Qxd2 Qxd2+ 7. Bxd2
Bxg7 8. O-O-O Bg4 9. Re1 Nc6 10. h3 Be6 11. a3 O-O-O 12. Ne2 h5 13. Bc3 Bh6+
14. Kb1 Rhg8 15. h4 Bd2 16. Rd1 Bh6 17. Re1 Bd2 18. Rd1 Bf4 19. Re1 Bd6 20. Nc1
Bf5 21. g3 Bc5 22. Bd3 Bg4 23. Rhf1 Bh3 24. Rh1 Be6 25. Rhf1 Nd4 26. Re5 Rd5
27. Re4 Rg4 28. Rxg4 Bxg4 29. Be4 Rd6 30. Nd3 Bb6 31. Ne5 Re6 32. Nxg4 Rxe4 33.
Nh6 f6 34. Bxd4 Bxd4 35. Nf5 Bc5 36. f4 e5 37. Ng7 exf4 38. Rxf4 Rxf4 39. gxf4
Bf2 40. Nxh5 Bxh4 41. Kc1 Kd7 42. Kd2 Ke6 43. Ke3 Kf5 44. Ng7+ Kg4 45. Ke4 Bg3
46. f5 1/2-1/2

[Event "Donau Open "]
[Site "Wien 10"]
[Date "1999.05.10"]
[Round "3.7"]
[White "Kreiser, Ulrich"]
[Black "Stanec, Nikolaus"]
[Result "0-1"]
[WhiteElo "2190"]
[BlackElo "2476"]
[PlyCount "64"]
[EventDate "1999.05.10"]

1. d4 Nf6 2. Nf3 g6 3. g3 Bg7 4. Bg2 O-O 5. O-O d6 6. c4 Nc6 7. d5 Na5 8. Nfd2
c6 9. a3 cxd5 10. cxd5 Ng4 11. Ra2 Ne5 12. b4 Nac4 13. Nxc4 Nxc4 14. Qb3 b5 15.
Nd2 Ba6 16. Re1 Qb6 17. a4 bxa4 18. Qxa4 Bb5 19. Nxc4 Bxc4 20. Rc2 Bb5 21. Qb3
Rfc8 22. Bd2 Qa6 23. Rxc8+ Rxc8 24. e3 Bc4 25. Qb1 Bd3 26. Bf1 Bxf1 27. Rxf1
Qe2 28. Rc1 Rxc1+ 29. Qxc1 h5 30. Qe1 Qf3 31. e4 Bd4 32. h4 Qxg3+ 0-1

[Event "Donau Open "]
[Site "Wien 10"]
[Date "1999.05.10"]
[Round "3.13"]
[White "Petroczi, Thomas"]
[Black "Mahdy, Khaled"]
[Result "0-1"]
[WhiteElo "2140"]
[BlackElo "2332"]
[PlyCount "62"]
[EventDate "1999.05.10"]

1. e4 d6 2. d4 Nf6 3. Nc3 g6 4. f4 Bg7 5. Nf3 O-O 6. Be3 b6 7. Bd3 Bb7 8. h3 c5
9. O-O cxd4 10. Nxd4 Nbd7 11. Nb3 Rc8 12. Qe2 e5 13. Rad1 Nh5 14. Qd2 exf4 15.
Bd4 Ne5 16. Ne2 g5 17. g4 Nf6 18. Nxf4 gxf4 19. Qxf4 Nfd7 20. c3 Nc5 21. Bc2
Qh4 22. Kg2 Rfe8 23. Bf2 Qe7 24. Rfe1 Ng6 25. Qf5 Qe5 26. Nxc5 dxc5 27. Rd7 Re7
28. Qxe5 Bxe5 29. Red1 Bc6 30. Rxe7 Nxe7 31. b4 c4 0-1

[Event "Donau Open "]
[Site "Wien 10"]
[Date "1999.05.11"]
[Round "4.2"]
[White "Stanec, Nikolaus"]
[Black "Kantorik, Marian"]
[Result "1-0"]
[WhiteElo "2476"]
[BlackElo "2327"]
[PlyCount "69"]
[EventDate "1999.05.11"]

1. c4 Nf6 2. Nc3 c5 3. g3 d5 4. cxd5 Nxd5 5. Bg2 Nc7 6. Nf3 Nc6 7. Qa4 Qd7 8.
O-O e5 9. a3 f6 10. e3 Be7 11. Rd1 Ne6 12. Qc4 O-O 13. d4 cxd4 14. exd4 exd4
15. Nxd4 Ncxd4 16. Be3 Bc5 17. Na4 Ne2+ 18. Kf1 Bd6 19. Qxe2 Qe7 20. Nc3 Be5
21. Nd5 Qf7 22. f4 Bb8 23. Rac1 Re8 24. Qb5 Kh8 25. Kg1 Rd8 26. Qa5 g6 27. Bd2
b6 28. Qc3 Bb7 29. Qxf6+ Qxf6 30. Nxf6 Bxg2 31. Kxg2 Bd6 32. Bc3 Bf8 33. Rxd8
Rxd8 34. Re1 Nc5 35. Re8 1-0